RF engineering for wireless networks : hardware, antennas, and propagation (Record no. 203772)

MARC details
000 -LEADER
fixed length control field 00543nam a2200181Ia 4500
008 - FIXED-LENGTH DATA ELEMENTS--GENERAL INFORMATION
fixed length control field 231221s9999 xx 000 0 und d
020 ## - INTERNATIONAL STANDARD BOOK NUMBER
International Standard Book Number 9790000000000
041 ## - LANGUAGE CODE
Language code of text/sound track or separate title English
082 ## - DEWEY DECIMAL CLASSIFICATION NUMBER
Classification number 621.3841 DOB;
100 ## - MAIN ENTRY--PERSONAL NAME
Personal name Dobkin, Daniel M
245 #0 - TITLE STATEMENT
Title RF engineering for wireless networks : hardware, antennas, and propagation
260 ## - PUBLICATION, DISTRIBUTION, ETC.
Date of publication, distribution, etc. 2005
Name of publisher, distributor, etc. Elsevier
Place of publication, distribution, etc. New Delhi
300 ## - PHYSICAL DESCRIPTION
Extent vii+436
300 ## - PHYSICAL DESCRIPTION
Dimensions 47569
440 ## - SERIES STATEMENT/ADDED ENTRY--TITLE
Title Communication engineer series
650 ## - SUBJECT ADDED ENTRY--TOPICAL TERM
Topical term or geographic name entry element RF,wireless,networks,:,hardware,,antennas,,propagation
942 ## - ADDED ENTRY ELEMENTS (KOHA)
Koha item type Compact Disks
Holdings
Date last seen Total checkouts Full call number Accession number Price effective from Category Lost status Damaged status Department Withdrawn status Home library Current library Shelving location Entry date Vendor Grants Billnumber Billdate Currency symbol Conversion rate Discount Old discount
26/01/2024   621.3841 DOB; CD3308 26/01/2024 Compact Disks     CS   Central Library Central Library CS   Tata Book House CS/PG 940 17/12/2009 RS 1   25

© For any Suggestions or Query, please contact the library staff @ librarian@pes.edu or Phone: +9180 2672 1983/ 2108.